000 00630nam a22002057a 4500
008 240610b mp ||||| |||| 00| 0 mon d
035 _a14905
040 _aHUV0167120
_bmon
_cMN-UlNLM
_dMN-UlNLM
_erda
041 _amon
042 _a38639
084 _2NNA
_a84.8/4Ита/
_bК.606
100 _aКоллоди К.
245 0 _aПиноккиогийн адал явдал
264 _aУлаанбаатар
_bД.Сүхбаатарын нэрэмжит хэ
_c1965
300 _a166х.
336 _2rdacontent
_atext
_btxt
337 _2rdamedia
_aunmediated
_bn
338 _2rdacarrier
_avolume
_bnc
942 _2NNA
_cBK
999 _c1045167
_d1045224